Applied Optics and Optical Engineering : Volume III: Optical Componets

Saved in:
Bibliographic Details
Main Author: Kingslake, Rudolf (Author)
Format: Book
Language:English
Published: New York : Academic Press, 1965
Subjects:
Tags: Add Tag
No Tags, Be the first to tag this record!

MARC

LEADER 00000nam a22000003a 4500
001 stu88306
005 20150617225630.5
008 040623s1965----xxr-----------------eng-d
040 |a STU  |b slo 
041 0 |a eng 
044 |a xxr 
080 |a 681.7  |7 stu_us_auth*stu2635 
100 1 |a Kingslake, Rudolf  |4 aut 
245 1 |a Applied Optics and Optical Engineering :  |b Volume III: Optical Componets 
260 |a New York :  |b Academic Press,  |c 1965 
300 |a 374 s 
650 7 |a optické prístroje  |2 stusub 
996 |b 284J021929  |c J*28078  |l JJK16  |s P  |a 0  |w stu88306_0001